000
00335 a2200109 4500
001
ART_30885
005
20260410162004.0
008
260409a
245
1
0
_a
Seis tesis no convencionales sobre participación
100
1
_a
Kliksberg, Bernardo
773
0
_t
Instituciones y desarrollo
_g
- Nº 2 (dic. 1998)
_w
REV30868
999
_c
31570
_d
31570